|
|
|
|
| LEADER |
00000nam a2200000 a 4500 |
| 001 |
vtls001428267 |
| 003 |
SK-MaSNL |
| 005 |
20260331115803.0 |
| 008 |
251113s2000 xr a r cze |
| 020 |
|
|
|a 8085873869
|
| 035 |
|
|
|a SNK000383263
|
| 035 |
|
|
|a urn:nbn:sk:snk-amyark
|
| 035 |
|
|
|a urn:nbn:sk:snk-am00c7f6
|
| 035 |
|
|
|a 1E5EB047-E850-46A2-8A1D-668BB6A5EF98
|
| 040 |
|
|
|a SNK
|b slo
|c SNK
|e AACR2
|
| 041 |
1 |
|
|a cze
|h und
|
| 044 |
|
|
|a xr
|c CZ
|
| 080 |
|
|
|a 629.73(084.12)
|2 1981
|
| 100 |
1 |
|
|a Nahum, Andrew
|4 aut
|9 41688
|
| 245 |
1 |
0 |
|a Letadla
|b poznejte historii létajících strojů - od počátků ornitoptéry Leonarda da Vinci po existenci nadzvukových letadel
|c napsal Andrew Nahum ; [prel. Andrea Capková]
|
| 260 |
|
|
|a Praha
|b Fortuna Print
|c 2000
|e [Martin
|f Neografia]
|
| 300 |
|
|
|a 62 cm
|c 29 cm
|
| 490 |
1 |
|
|a Vedět, poznat, vědet
|
| 500 |
|
|
|a Podnázov prevzatý z obalu knihy
|
| 650 |
0 |
7 |
|a lietadlá
|2 SNKPH
|9 4248
|
| 650 |
0 |
7 |
|a lietanie
|2 SNKPH
|9 29744
|
| 655 |
|
7 |
|a publikácie pre deti
|2 SNKPH
|9 70148
|
| 655 |
|
7 |
|a ilustrované publikácie
|2 SNKPH
|9 109406
|
| 700 |
1 |
|
|a Capková, Andrea
|4 trl
|9 584047
|
| 830 |
|
0 |
|a Vedět, poznat, vědet
|9 638305
|
| 919 |
|
|
|a 80-85873-86-9
|
| 954 |
|
|
|a odborná, vedecká literatúra cudzojazyčná (svetová)
|2 lita
|
| 958 |
|
|
|a OND
|
| 999 |
|
|
|c 985449
|d 987379
|
| 952 |
|
|
|t P60, <03>, [BOOK], {603}
|a SNK
|b SNK
|y PREZ
|7 0
|p 17A0331283
|o snkSB 64421
|i snkKSP 1397/2002
|0 0
|1 0
|4 0
|d 2002-01-31
|f 1
|l 0
|r 2025-04-14 00:00:00
|w 2026-02-24
|